| 000 | 00625nam a2200229Ia 4500 | ||
|---|---|---|---|
| 003 | OSt | ||
| 005 | 20220926022742.0 | ||
| 006 | a|||||r|||| 00| 0 | ||
| 007 | ta | ||
| 008 | 220923b |||||||| |||| 00| 0 eng d | ||
| 037 | _cGeneral Book | ||
| 040 |
_aRTL _cRTL _beng |
||
| 041 |
_2eng _aeng |
||
| 082 | _aW0gA, K9 | ||
| 100 |
_aHaberer Joseph _9328206 |
||
| 245 | 0 | _aPolitics and the community of science | |
| 260 |
_aNew York _bVan Nostrand Reinhold _c1969 |
||
| 300 |
_avi, 337p _ccm. |
||
| 650 | _aPolitical Science | ||
| 942 |
_hW0gA, K9 _cGB _2CC |
||
| 999 |
_c640203 _d640203 |
||